000 00467nam a2200181Ia 4500
005 20250326125416.0
008 250326s9999 xx 000 0 und d
037 _aTextbook
040 _aFMSL
_beng
_cFMSL
041 _aeng
_2eng
084 _aY K5
_qFMSL
100 _aParsons T
245 0 _aTheories of society
_cParsons T; Shils E And Others
260 _aNY
_bNY, Free
_c1965
300 _a1500p
942 _cTB
_hY K5
999 _c1277934
_d1277934